000 00911nam a2200229 i 4500
001 167460
003 ES-MaACL
005 20231206063251.0
008 931025s1892 sp |||| |dspa d
080 _a929 Colón, Cristóbal
080 _a929 Bobadilla, Francisco de
100 1 _aVidart, Luis,
_d1833-1897
_9114538
245 1 0 _aColón y Bobadilla :
_buna polémica y un boceto dramático /
_cpor Luis Vidart.
260 _aMadrid :
_b[s.n.],
_c1892 (
_fTip. de Manuel Ginés Hernández)
300 _a30 p. ;
_c21 cm.
530 _aDisponible en formato digital.
600 1 4 _aColón, Cristóbal.
_939869
600 1 4 _aBobadilla, Francisco de.
_9154690
852 _aES-MaACL
_jT-555-F-10
_z- Enc. hol., conservando la enc. original
_z- Enc. en un vol. facticio
856 _uhttp://bdh-rd.bne.es/viewer.vm?id=0000046588&page=1
_zBiblioteca Digital Hispánica
999 _c167460
_d167460